| 000 | 00724nam a22001937a 4500 | ||
|---|---|---|---|
| 999 |
_c166679 _d166679 |
||
| 005 | 20211217154652.0 | ||
| 010 | _aUR-10335 | ||
| 020 |
_c200.00 _a9789388105934 |
||
| 035 | _aU-8890 | ||
| 037 | _bDBAD/PUB | ||
| 082 | _a840.08 | ||
| 100 | _aآ فتا ب حسن | ||
| 245 |
_aڈ ا کٹر خو ر شيد جہا ں ا و ر ا نکی ا د بی و تنقيد ی خد ما ت _cآ فتا ب حسن |
||
| 246 |
_bKhursheed Jahan Ki Adabi-o-Tanqidi Khidmaat (Urdu) _aDr.Aftab Hassan |
||
| 260 |
_aDelhi _bEducational Publishing House _c2018 ء |
||
| 270 |
_a3191,Vakil Sreet Kucha Pandit Lal Kuan _bDelhi _e110006 _k23216162 _l- |
||
| 300 |
_a144ص _c22 Cm(Hb) |
||
| 942 |
_2ddc _cUR _h840.08 _mآ ف ت |
||